Central Library OPAC University of Rajshahi

Electricity for beginners : (Record no. 72327)

MARC details
000 -LEADER
fixed length control field 00899nam a2200265 a 4500
001 - CONTROL NUMBER
control field 72327
003 - CONTROL NUMBER IDENTIFIER
rucl marc code BD-RjUL
005 - DATE AND TIME OF LATEST TRANSACTION
control field 20211209082240.0
008 - FIXED-LENGTH DATA ELEMENTS--GENERAL INFORMATION
fixed length control field 170516s1944 enka 001 0 und d
035 ## - SYSTEM CONTROL NUMBER
System control number (BD-RjUL)72544
040 ## - CATALOGING SOURCE
Original cataloging agency EQO
Transcribing agency EQO
Language of cataloging eng
Modifying agency BD-RjUL
041 ## - LANGUAGE CODE
Language code of text/sound track or separate title eng
082 ## - DEWEY DECIMAL CLASSIFICATION NUMBER
Edition number 23
Classification number 537
Author mark and year BEE 1944
100 1# - MAIN ENTRY--PERSONAL NAME
Personal name Beauchamp, Wilbur Lee.
9 (RLIN) 213889
245 10 - TITLE STATEMENT
Title Electricity for beginners :
Remainder of title a self-teaching course, a special edition of basic electricity /
Statement of responsibility, etc. by W.I. Beauchamp and J.C. Mayfield.
260 ## - PUBLICATION, DISTRIBUTION, ETC. (IMPRINT)
Place of publication, distribution, etc. Madison :
Name of publisher, distributor, etc. U. S. Armed Forces,
Date of publication, distribution, etc. c1944.
300 ## - PHYSICAL DESCRIPTION
Pagination vi, 458 p. :
Illustrations ill. ;
Size 18 cm.
490 ## - SERIES STATEMENT
Series statement War Department education manual ;
Volume/sequential designation EM 416.
500 ## - GENERAL NOTE
General note Includes index.
650 ## - SUBJECT ADDED ENTRY--TOPICAL TERM
Topical term or geographic name as entry element Electricity
9 (RLIN) 213890
Topical term or geographic name as entry element Electrical engineering
9 (RLIN) 213891
700 1# - ADDED ENTRY--PERSONAL NAME
Personal name Mayfield, J. C.
830 #0 - SERIES ADDED ENTRY--UNIFORM TITLE
Uniform title War Department education manual ;
Volume number/sequential designation EM 416.
942 ## - ADDED ENTRY ELEMENTS (KOHA)
Source of classification or shelving scheme Dewey Decimal Classification
Koha item type Books
Holdings
Lost status Source of classification or shelving scheme Damaged status Not for loan Collection code Permanent Location Current Location Shelving location Date acquired Source of acquisition Total Checkouts Full call number Date last seen Copy number Koha item type
  Dewey Decimal Classification   Not For Loan Non-fiction Central Library, University of Rajshahi Central Library, University of Rajshahi Reading Room 04/03/1957 U.S.A. Through Registration, Asia. R.U.   537 BEE 1944 16/05/2017 C-1 Books
  Dewey Decimal Classification     Non-fiction Central Library, University of Rajshahi Central Library, University of Rajshahi General Stacks 03/03/1957 R.U. Registr   537 BEE 1944 12/05/2022 C-2 Books